书目信息 |
| 题名: |
马克思主义文化理论体系研究
|
|
| 作者: | 周向军, , 郝立忠, , 高奇, 著 | |
| 分册: | ||
| 出版信息: | 济南 山东人民出版社 2022.05 |
|
| 页数: | 32, 491页 | |
| 开本: | 24cm | |
| 丛书名: | 马克思主义文化理论发展研究丛书 | |
| 单 册: | ||
| 中图分类: | A811.67 | |
| 科图分类: | ||
| 主题词: | 马克思主义--ma ke si zhu yi--文化理论--理论体系--研究 | |
| 电子资源: | ||
| ISBN: | 978-7-209-13598-6 | |
| 000 | 01401nam 2200301 450 | |
| 001 | CAL 012022018836 | |
| 005 | 20230217093111.0 | |
| 010 | @a978-7-209-13598-6@dCNY84.00 | |
| 100 | @a20220919d2022 em y0chiy0120 ea | |
| 101 | 0 | @achi |
| 102 | @aCN@b370000 | |
| 105 | @ay a 000yy | |
| 106 | @ar | |
| 200 | 1 | @a马克思主义文化理论体系研究@Ama ke si zhu yi wen hua li lun ti xi yan jiu@f周向军, 郝立忠, 高奇等著 |
| 210 | @a济南@c山东人民出版社@d2022.05 | |
| 215 | @a32, 491页@d24cm | |
| 225 | 2 | @a马克思主义文化理论发展研究丛书@Ama ke si zhu yi wen hua li lun fa zhan yan jiu cong shu |
| 300 | @a教育部哲学社会科学研究重大课题攻关项目“马克思主义文化理论发展研究”标志性阶段成果 | |
| 320 | @a有书目 (第483-490页) | |
| 330 | @a本书主要研究马克思主义文化理论的基本原理及其科学体系。主要包括: 关于文化内涵、本质、特征、类型等方面的理论。关于文化价值、功能、战略地位等方面的理论。关于文化发展一般规律、保障条件等方面的理论 ; 关于文化发展的路线、方针、政策、体制机制、方法、途径等方面的理论 ; 关于文化发展主体诉求等方面的理论, 等等。 | |
| 410 | 0 | @12001 @a马克思主义文化理论发展研究丛书 |
| 606 | 0 | @a马克思主义@Ama ke si zhu yi@x文化理论@x理论体系@x研究 |
| 690 | @aA811.67@v5 | |
| 701 | 0 | @a周向军,@Azhou xiang jun@f1952.-@4著 |
| 701 | 0 | @a郝立忠,@Ahao li zhong@f1960-@4著 |
| 701 | 0 | @a高奇,@Agao qi@f1964-@4著 |
| 801 | 0 | @aCN@bBJXHZP@c20230228 |
| 905 | @b1387773-7@dA811.67@e463@f5 | |
| 马克思主义文化理论体系研究/周向军, 郝立忠, 高奇等著.-济南:山东人民出版社,2022.05 |
| 32, 491页;24cm.-(马克思主义文化理论发展研究丛书) |
| 教育部哲学社会科学研究重大课题攻关项目“马克思主义文化理论发展研究”标志性阶段成果 |
| ISBN 978-7-209-13598-6:CNY84.00 |
| 本书主要研究马克思主义文化理论的基本原理及其科学体系。主要包括: 关于文化内涵、本质、特征、类型等方面的理论。关于文化价值、功能、战略地位等方面的理论。关于文化发展一般规律、保障条件等方面的理论 ; 关于文化发展的路线、方针、政策、体制机制、方法、途径等方面的理论 ; 关于文化发展主体诉求等方面的理论, 等等。 |
| ● |
| 相关链接 |
|
|
|
|
正题名:马克思主义文化理论体系研究
索取号:A811.67/463
 
预约/预借
| 序号 | 登录号 | 条形码 | 馆藏地/架位号 | 状态 | 备注 |
| 1 | 1387773 | 213877731 | 第一样本阅览室/ [索取号:A811.67/463] | 在馆 | |
| 2 | 1387774 | 213877740 | 第一借阅区/ [索取号:A811.67/463] | 在馆 | |
| 3 | 1387775 | 213877759 | 第一借阅区/ [索取号:A811.67/463] | 在馆 | |
| 4 | 1387776 | 213877768 | 第一借阅区/ [索取号:A811.67/463] | 在馆 | |
| 5 | 1387777 | 213877777 | 第一借阅区/ [索取号:A811.67/463] | 在馆 |